Acercamiento crítico a las intervenciones psicológicas en centros penales juveniles de Costa Rica (1996-2021) = Aproximació crítica a les intervencions psixilògiques en centres penals juvenils de Costa Rica (1996-2021) = Critical appr to psychological interventions in juvenile penal centres in Costa Rica (1996-2021)

Este artículo se propone reflexionar en torno al quehacer psicológico en centros penales juveniles de Costa Rica, en el período comprendido entre 1996 y 2021. Se eligió la metodología cualitativa y el método de construcción de narrativas partiendo de entrevistas a informantes clave junto a revisión...

Full description

Saved in:  
Bibliographic Details
Main Author: Masís Méndez, María José (Author)
Format: Electronic Article
Language:Spanish
Published: 2023
In: Crítica Penal y Poder
Year: 2023, Volume: 25
Online Access: Presumably Free Access
Volltext (lizenzpflichtig)
Check availability: HBZ Gateway
Keywords:

MARC

LEADER 00000caa a22000002c 4500
001 1883661803
003 DE-627
005 20240319110819.0
007 cr uuu---uuuuu
008 240318s2023 xx |||||o 00| ||spa c
024 7 |a 10.1344/cpyp.2023.25.42305  |2 doi 
035 |a (DE-627)1883661803 
035 |a (DE-599)KXP1883661803 
040 |a DE-627  |b ger  |c DE-627  |e rda 
041 |a spa 
084 |a 2,1  |2 ssgn 
100 1 |a Masís Méndez, María José  |e VerfasserIn  |4 aut 
245 1 0 |a Acercamiento crítico a las intervenciones psicológicas en centros penales juveniles de Costa Rica (1996-2021)  |b  = Aproximació crítica a les intervencions psixilògiques en centres penals juvenils de Costa Rica (1996-2021) = Critical appr to psychological interventions in juvenile penal centres in Costa Rica (1996-2021)  |c María José Masís Méndez, Universidad de Costa Rica 
246 3 1 |a Aproximació crítica a les intervencions psixilògiques en centres penals juvenils de Costa Rica (1996-2021) 
246 3 1 |a Critical appr to psychological interventions in juvenile penal centres in Costa Rica (1996-2021) 
264 1 |c 2023 
300 |a 17 
336 |a Text  |b txt  |2 rdacontent 
337 |a Computermedien  |b c  |2 rdamedia 
338 |a Online-Ressource  |b cr  |2 rdacarrier 
500 |a Literaturverzeichnis: Seite 14-17 
520 |a Este artículo se propone reflexionar en torno al quehacer psicológico en centros penales juveniles de Costa Rica, en el período comprendido entre 1996 y 2021. Se eligió la metodología cualitativa y el método de construcción de narrativas partiendo de entrevistas a informantes clave junto a revisión documental para la comprensión del tema en estudio. Concretamente, se analizarán las finalidades que se atribuye a la privación de libertad, la concepción en torno a la delincuencia y los propósitos que se asignan a las intervenciones psicológicas en estos recintos. 
520 |a This article intends to reflect on the psychological work in juvenile penal centers in Costa Rica, in the period between 1996 and 2021. The qualitative methodology and the method of construction of narratives were chosen based on interviews with psychology professionals together with documentary review for understanding the topic under study. Specifically, the purposes attributed to the deprivation of liberty, the conception of crime and the purposes assigned to psychological interventions in these facilities are analyzed. 
650 4 |a Prácticas psicológicas 
650 4 |a profesionales en psicología 
650 4 |a cárceles 
650 4 |a Jóvenes 
650 4 |a privación de libertad 
650 4 |a Psychological practices 
650 4 |a psychology professionals 
650 4 |a Prisons 
650 4 |a Youth 
650 4 |a Deprivation of liberty 
773 0 8 |i Enthalten in  |t Crítica Penal y Poder  |d Barcelona : [Verlag nicht ermittelbar], 2011  |g 25(2023)  |h Online-Ressource  |w (DE-627)680323147  |w (DE-600)2642632-8  |w (DE-576)355502488  |x 2014-3753  |7 nnas 
773 1 8 |g volume:25  |g year:2023  |g extent:17 
856 |u https://revistes.ub.edu/index.php/CriticaPenalPoder/article/download/42305/40609  |x unpaywall  |z Vermutlich kostenfreier Zugang  |h publisher [deprecated] 
856 4 0 |u https://doi.org/10.1344/cpyp.2023.25.42305  |x Resolving-System  |z lizenzpflichtig  |3 Volltext  |7 1 
951 |a AR 
ELC |a 1 
LOK |0 000 xxxxxcx a22 zn 4500 
LOK |0 001 4501337664 
LOK |0 003 DE-627 
LOK |0 004 1883661803 
LOK |0 005 20240319113412 
LOK |0 008 240318||||||||||||||||ger||||||| 
LOK |0 040   |a DE-21-110  |c DE-627  |d DE-21-110 
LOK |0 092   |o n 
LOK |0 852   |a DE-21-110 
LOK |0 852 1  |9 00 
LOK |0 939   |a 18-03-24  |b l01 
OAS |a 1  |b inherited from superior work 
ORI |a SA-MARC-krimdoka001.raw